All Lady Gaga Songs Over 1 Billion Streams - Statistics

General Stats
  • This quiz has been taken 46 times
  • The average score is 5 of 7
Answer Stats
Hint Answer % Correct
1.73 Poker face
97%
1.56 Bad romance
93%
2.60 Die with a smile
79%
2.79 Shallow
79%
1.40 Just dance
76%
1.16 Rain on me
59%
1.60 Always remember us this way
48%
No matching quizzes found
Score Distribution
Percent of People with Each Score
Percentile by Number Answered
Your Score History
You have not taken this quiz